[Event "1. OEsterreichische Internet Schach Meisterschaft - Vorrunde 2"]
[Site "Online - Playchess.com"]
[Date ""]
[Round "9"]
[Board "77"]
[White "Griessnig, Thomas"]
[Black "Chen, Qingxia"]
[Result "1-0"]
[WhiteElo "1895"]
[BlackElo "1776"]
[PlyCount "47"]
[EventDate "2020.04.13"]
[EventRounds "9"]
[EventCountry "AUT"]

1. d4 d5 2. Nf3 Nf6 3. e3 Nbd7 4. Bd3 e6 5. O-O c5 6. b3 Be7 7. Bb2 O-O 8. Nbd2 a6
9. Ne5 h6 10. f4 b5 11. c4 bxc4 12. bxc4 Nxe5 13. fxe5 Ne4 14. Nxe4 dxe4 15. Bxe4
Rb8 16. Ba3 Qa5 17. Qd3 Rd8 18. d5 exd5 19. cxd5 Bg5 20. Bh7+ Kh8 21. Rxf7 c4 22.
Qg6 Bxe3+ 23. Kh1 Qxa3 24. Qxg7#  1-0

[Event "1. OEsterreichische Internet Schach Meisterschaft - Vorrunde 2"]
[Site "Online - Playchess.com"]
[Date ""]
[Round "9"]
[Board "78"]
[White "Neubauer, Anton"]
[Black "Krassnitzer, Julia"]
[Result "0-1"]
[WhiteElo "1879"]
[BlackElo "1803"]
[PlyCount "76"]
[EventDate "2020.04.13"]
[EventRounds "9"]
[EventCountry "AUT"]

1. e4 d5 2. exd5 Nf6 3. d4 Nxd5 4. Nf3 Bg4 5. Be2 e6 6. h3 Bh5 7. O-O Be7 8. c4 Nf6
9. Bg5 O-O 10. Nc3 Nc6 11. d5 exd5 12. Bxf6 Bxf6 13. cxd5 Nb4 14. a3 Bxc3 15. axb4
Bxb2 16. Ra2 Bc3 17. b5 Bb4 18. Qd4 Bd6 19. Rd1 b6 20. Rc2 Bc5 21. Qe5 Bg6 22. Bd3
Re8 23. Qa1 Bh5 24. g4 Bg6 25. Bxg6 hxg6 26. Rcd2 Qd6 27. Re1 Qf4 28. Rxe8+ Rxe8
29. Rd3 Re2 30. Qf1 Rxf2 31. Qxf2 Bxf2+ 32. Kxf2 Qe4 33. Rd4 Qc2+ 34. Ke3 Qb3+ 35.
Rd3 Qxb5 36. Nd4 Qxd5 37. Nf5 Qe6+ 38. Kf3 gxf5  0-1

[Event "1. OEsterreichische Internet Schach Meisterschaft - Vorrunde 2"]
[Site "Online - Playchess.com"]
[Date ""]
[Round "9"]
[Board "79"]
[White "Erlacher, Herbert"]
[Black "Lager, Johannes Jun."]
[Result "1-0"]
[WhiteElo "1842"]
[BlackElo "1722"]
[PlyCount "139"]
[EventDate "2020.04.13"]
[EventRounds "9"]
[EventCountry "AUT"]

1. Nf3 f5 2. c4 Nf6 3. g3 e6 4. Bg2 d5 5. O-O Bd6 6. d3 c6 7. Nbd2 O-O 8. a3 Bd7
9. b4 Be8 10. c5 Bc7 11. Qc2 Nbd7 12. Bb2 h6 13. Nd4 Qe7 14. e4 e5 15. Nxf5 Qe6 16.
Qb3 Bg6 17. Nh4 Bh7 18. exd5 cxd5 19. Rae1 Rfe8 20. f4 e4 21. dxe4 dxe4 22. Qxe6+
Rxe6 23. Re3 Rae8 24. Rfe1 Ng4 25. R3e2 e3 26. Ndf3 Bd3 27. Nd4 R6e7 28. Ndf5 Re6
29. Bd5 Bxe2 30. Rxe2 Kh7 31. Bxe6 Rxe6 32. h3 g5 33. fxg5 Nge5 34. g6+ Kg8 35. Rxe3
Re8 36. Nxh6+ Kg7 37. Ng4 Kg8 38. Nxe5 Bxe5 39. Bxe5 Rxe5 40. Rxe5 Nxe5 41. Nf5 Nxg6
42. g4 Ne5 43. Kf2 Kf7 44. Ke3 Nc4+ 45. Kd4 Nxa3 46. Nd6+ Ke6 47. Nxb7 Nb5+ 48. Kc4
Na3+ 49. Kb3 Nb5 50. h4 Nd4+ 51. Kc4 Nf3 52. h5 Ne5+ 53. Kb5 Nxg4 54. c6 Ne5 55.
h6 Kd5 56. c7 Ke6 57. c8=Q+ Kf6 58. Qf8+ Kg6 59. Qg7+ Kf5 60. Qxe5+ Kxe5 61. h7 a6+
62. Kxa6 Kf6 63. h8=Q+ Kf7 64. Qh6 Ke7 65. Kb6 Kd7 66. Kc5 Ke7 67. Kd5 Kd7 68. Qh7+
Kc8 69. Kc6 Kb8 70. Nc5  1-0

[Event "1. OEsterreichische Internet Schach Meisterschaft - Vorrunde 2"]
[Site "Online - Playchess.com"]
[Date ""]
[Round "9"]
[Board "80"]
[White "Fugger, Christian"]
[Black "Schein, Alexander"]
[Result "1-0"]
[WhiteElo "1818"]
[BlackElo "1631"]
[PlyCount "69"]
[EventDate "2020.04.13"]
[EventRounds "9"]
[EventCountry "AUT"]

1. d4 d5 2. c4 e5 3. dxe5 d4 4. Nf3 Nc6 5. g3 Bg4 6. Nbd2 Nge7 7. Bg2 Ng6 8. O-O
Bxf3 9. Nxf3 Ngxe5 10. Nxe5 Nxe5 11. Bxb7 Rb8 12. Qa4+ c6 13. Bxc6+ Nxc6 14. Qxc6+
Qd7 15. Qxd7+ Kxd7 16. Rd1 Bc5 17. e3 Ke7 18. exd4 Rhd8 19. Bg5+ f6 20. Re1+ Kf7
21. Bf4 Bb4 22. Bxb8 Bxe1 23. Bxa7 Rd7 24. Rxe1 Rxa7 25. a3 Rc7 26. Rc1 Ke6 27. Kf1
Kf5 28. Ke2 Ke4 29. d5 Rb7 30. b4 Ra7 31. Rc3 Kd4 32. Kd2 Rc7 33. d6 Rd7 34. c5 Kd5
35. c6  1-0

[Event "1. OEsterreichische Internet Schach Meisterschaft - Vorrunde 2"]
[Site "Online - Playchess.com"]
[Date ""]
[Round "9"]
[Board "81"]
[White "Moerwald, Magdalena"]
[Black "Schein, Leopold"]
[Result "0-1"]
[WhiteElo "1791"]
[BlackElo "1584"]
[PlyCount "60"]
[EventDate "2020.04.13"]
[EventRounds "9"]
[EventCountry "AUT"]

1. e4 c5 2. Nf3 d6 3. d4 cxd4 4. Qxd4 Nc6 5. Bb5 Bd7 6. Bxc6 Bxc6 7. Nc3 Nf6 8. Bg5
e5 9. Qd2 Be7 10. Bxf6 Bxf6 11. O-O-O Be7 12. h4 O-O 13. h5 h6 14. g4 Qd7 15. Rdg1
f6 16. Kb1 Rad8 17. Nh4 Rfe8 18. Nf5 d5 19. Nxh6+ gxh6 20. Qxh6 dxe4 21. g5 fxg5
22. Qg6+ Kf8 23. Nxe4 Bxe4 24. Qxe4 Bf6 25. h6 Qd4 26. Qxb7 Rb8 27. Qxb8 Rxb8 28.
c3 Qxc3 29. b3 e4 30. h7 Qb2#  0-1

[Event "1. OEsterreichische Internet Schach Meisterschaft - Vorrunde 2"]
[Site "Online - Playchess.com"]
[Date ""]
[Round "9"]
[Board "82"]
[White "Miazhynski, Alexander"]
[Black "Hofer, Martin"]
[Result "1-0"]
[WhiteElo "1535"]
[BlackElo "1603"]
[PlyCount "55"]
[EventDate "2020.04.13"]
[EventRounds "9"]
[EventCountry "AUT"]

1. e4 d5 2. exd5 Nf6 3. Nc3 Nxd5 4. Nf3 Bg4 5. g3 Nxc3 6. bxc3 Nc6 7. Bg2 e5 8. O-O
e4 9. Qe1 Qe7 10. Nd4 Nxd4 11. cxd4 O-O-O 12. Bxe4 f5 13. Bg2 Rxd4 14. Rb1 c6 15.
d3 Qd7 16. Be3 Ra4 17. Qc3 Ra3 18. Rb3 Rxb3 19. Qxb3 g6 20. Bxa7 Bd6 21. Bd4 Rd8
22. Rb1 Bxg3 23. hxg3 b5 24. Be3 Qd6 25. Qc3 Kd7 26. Bf4 Qe6 27. Re1 Qxa2 28. Qxc6#
 1-0

[Event "1. OEsterreichische Internet Schach Meisterschaft - Vorrunde 2"]
[Site "Online - Playchess.com"]
[Date ""]
[Round "9"]
[Board "83"]
[White "Thummer, Philipp"]
[Black "Maderner, Arnulf"]
[Result "1-0"]
[WhiteElo "1207"]
[BlackElo "1687"]
[PlyCount "113"]
[EventDate "2020.04.13"]
[EventRounds "9"]
[EventCountry "AUT"]

1. e4 c5 2. g3 d5 3. exd5 Qxd5 4. Qf3 Nf6 5. Nc3 Qxf3 6. Nxf3 Nc6 7. Bg2 Bd7 8. Kf1
O-O-O 9. d3 e6 10. Be3 Nd5 11. Ke2 Nxe3 12. fxe3 g6 13. Ne4 b6 14. c3 Bg7 15. d4
cxd4 16. cxd4 Ne7 17. Nc3 Kb8 18. Rhc1 Bc6 19. Nh4 Kb7 20. b4 g5 21. Bxc6+ Nxc6 22.
Nf3 Nxb4 23. Nxg5 Rd7 24. a3 Nc6 25. Nce4 h6 26. Nf3 Rc8 27. Rab1 Rdc7 28. Nd6+ Kb8
29. Nxc8 Rxc8 30. Rc2 Bf8 31. Rb3 Kb7 32. Rbc3 Rc7 33. Ne5 Nxd4+ 34. exd4 Rxc3 35.
Rxc3 f6 36. Ng4 Bg7 37. Re3 e5 38. dxe5 fxe5 39. Nxe5 a6 40. Ng4 Bd4 41. Re7+ Kc6
42. Nxh6 Kd6 43. Nf5+ Kd5 44. Rd7+ Ke5 45. Nxd4 b5 46. Nxb5 axb5 47. Rf7 Ke6 48.
Rf1 Kd5 49. h4 Kc4 50. h5 b4 51. axb4 Kxb4 52. h6 Kb3 53. h7 Kc2 54. h8=Q Kb3 55.
Rc1 Kb4 56. Qb8+ Ka5 57. Ra1#  1-0

[Event "1. OEsterreichische Internet Schach Meisterschaft - Vorrunde 2"]
[Site "Online - Playchess.com"]
[Date ""]
[Round "9"]
[Board "84"]
[White "Ticar, Clemens"]
[Black "Schroettner, Martin"]
[Result "1-0"]
[WhiteElo "1753"]
[BlackElo "1934"]
[PlyCount "61"]
[EventDate "2020.04.13"]
[EventRounds "9"]
[EventCountry "AUT"]

1. Nf3 f5 2. c3 Nf6 3. g3 g6 4. Bg2 Bg7 5. O-O O-O 6. Qb3+ e6 7. d4 d6 8. Bg5 Nc6
9. Nbd2 Rb8 10. Rae1 Bd7 11. e4 Qc8 12. exf5 gxf5 13. Nh4 Kh8 14. Ndf3 Ne4 15. Qb5
a6 16. Qd3 Nxg5 17. Nxg5 Nd8 18. g4 Bh6 19. Nxh7 Kxh7 20. gxf5 exf5 21. Re7+ Kg8
22. Qg3+ Kh8 23. Ng6+ Kg8 24. Nxf8+ Kxf8 25. Rh7 Nf7 26. Qg6 Be8 27. Bd5 Qd7 28.
Bxf7 Bxf7 29. Qxh6+ Ke8 30. Re1+ Kd8 31. Qf8+  1-0

[Event "1. OEsterreichische Internet Schach Meisterschaft - Vorrunde 2"]
[Site "Online - Playchess.com"]
[Date ""]
[Round "9"]
[Board "85"]
[White "Keim, Philipp"]
[Black "Andreatta, Ralph"]
[Result "1-0"]
[WhiteElo "1919"]
[BlackElo "1623"]
[PlyCount "53"]
[EventDate "2020.04.13"]
[EventRounds "9"]
[EventCountry "AUT"]

1. Nf3 d5 2. c4 e6 3. g3 Nf6 4. Bg2 Be7 5. O-O O-O 6. b3 Nbd7 7. Bb2 Rb8 8. d4 dxc4
9. bxc4 b6 10. Ne5 Bb7 11. Nc6 Bxc6 12. Bxc6 g6 13. Nd2 Nh5 14. Ne4 Ndf6 15. Ng5
Qd6 16. Bg2 Ng7 17. e4 h6 18. e5 Qb4 19. exf6 Bxf6 20. Ne4 Be7 21. Qd2 Qxc4 22. Qxh6
f5 23. Ng5 Bxg5 24. Qxg5 Kf7 25. Rac1 Qb5 26. Rxc7+ Kg8 27. Qxg6  1-0

[Event "1. OEsterreichische Internet Schach Meisterschaft - Vorrunde 2"]
[Site "Online - Playchess.com"]
[Date ""]
[Round "9"]
[Board "86"]
[White "Moerwald, Miriam"]
[Black "Redhammer, Markus"]
[Result "1-0"]
[WhiteElo "1760"]
[BlackElo "1899"]
[PlyCount "63"]
[EventDate "2020.04.13"]
[EventRounds "9"]
[EventCountry "AUT"]

1. e4 d6 2. d4 g6 3. Nf3 Bg7 4. Nc3 Nf6 5. h3 O-O 6. Bc4 Nc6 7. O-O e5 8. Re1 exd4
9. Nxd4 Nxd4 10. Qxd4 Nd5 11. Qxd5 Be6 12. Qd3 Qh4 13. Bxe6 fxe6 14. Be3 Rf7 15.
Qc4 Raf8 16. Re2 d5 17. Qd3 dxe4 18. Qxe4 Qh5 19. Qg4 Qa5 20. Qxe6 c6 21. Qb3 Qa6
22. Qa4 Bxc3 23. Qxa6 bxa6 24. bxc3 Rb8 25. Rd1 Rb2 26. Rd8+ Kg7 27. Bd4+ Kh6 28.
Re4 g5 29. Re6+ Kh5 30. Rxc6 Rxc2 31. g4+ Kh4 32. Rh6#  1-0

[Event "1. OEsterreichische Internet Schach Meisterschaft - Vorrunde 2"]
[Site "Online - Playchess.com"]
[Date ""]
[Round "9"]
[Board "87"]
[White "Kwech, Martin"]
[Black "Rotter, Harald"]
[Result "0-1"]
[WhiteElo "1105"]
[BlackElo "1854"]
[PlyCount "126"]
[EventDate "2020.04.13"]
[EventRounds "9"]
[EventCountry "AUT"]

1. e4 e6 2. d4 d5 3. exd5 exd5 4. c4 dxc4 5. Bxc4 Bd6 6. Qf3 Nf6 7. Bg5 Bg4 8. Qe3+
Kf8 9. Bxf6 Qxf6 10. f3 Nc6 11. Qd3 Bh5 12. Nd2 Nxd4 13. Ne2 Bg6 14. Qxd4 Be5 15.
Qc5+ Bd6 16. Qd4 Be5 17. Qc5+ Bd6 18. Qd5 Rd8 19. O-O Bxh2+ 20. Kxh2 Rxd5 21. Bxd5
Qd6+ 22. g3 Qxd5 23. Rad1 Qb5 24. Nf4 Bd3 25. Nxd3 Qxd3 26. Ne4 Qc2+ 27. Kh3 g6 28.
Rd8+ Kg7 29. Rd2 Qc4 30. Rfd1 Qxa2 31. Ng5 h6 32. Ne4 Re8 33. Nf2 Qb3 34. Kg2 Qe6
35. f4 Qc6+ 36. Kh2 Re3 37. Ng4 Re7 38. Nf2 Qf6 39. Ng4 Qf5 40. Kh3 Qh5+ 41. Kg2
Qxg4 42. Kf2 Re8 43. Re1 Rxe1 44. Kxe1 Qxg3+ 45. Rf2 Qe3+ 46. Re2 Qxf4 47. Rf2 Qc1+
48. Ke2 Qxb2+ 49. Ke3 Qxf2+ 50. Kxf2 a5 51. Ke3 a4 52. Kd4 b5 53. Kc3 c5 54. Kb2
h5 55. Kc2 h4 56. Kd2 h3 57. Kc3 h2 58. Kd3 h1=Q 59. Kc3 Qf3+ 60. Kb2 Qb3+ 61. Kc1
a3 62. Kd2 a2 63. Ke2 a1=Q  0-1

[Event "1. OEsterreichische Internet Schach Meisterschaft - Vorrunde 2"]
[Site "Online - Playchess.com"]
[Date ""]
[Round "9"]
[Board "88"]
[White "Kainz, Josef"]
[Black "Kanzian, Heinz"]
[Result "1/2-1/2"]
[WhiteElo "2005"]
[BlackElo "1642"]
[PlyCount "123"]
[EventDate "2020.04.13"]
[EventRounds "9"]
[EventCountry "AUT"]

1. d4 d5 2. g3 e6 3. Bg2 Nf6 4. Nf3 Be7 5. O-O O-O 6. c4 c6 7. Qc2 Nbd7 8. Nc3 a6
9. a4 Bb4 10. cxd5 Bxc3 11. bxc3 cxd5 12. Ba3 Re8 13. Ne5 Nb6 14. Rab1 Nc4 15. Nxc4
dxc4 16. e4 Bd7 17. Rfe1 b5 18. axb5 axb5 19. Bc5 Rb8 20. Ra1 Bc6 21. Ra7 Nd7 22.
e5 Nxc5 23. Bxc6 Re7 24. dxc5 Rxa7 25. Rd1 Qf8 26. Be4 Qxc5 27. Bxh7+ Kh8 28. Rd4
Qxe5 29. Rh4 g5 30. Rh5 Kg7 31. Be4 Rh8 32. Rxh8 Kxh8 33. Qe2 Ra1+ 34. Kg2 Kg7 35.
h4 f5 36. Bc6 gxh4 37. Qh5 Qf6 38. Bxb5 Rc1 39. Bxc4 Rxc3 40. Bb5 Rc7 41. Kh3 hxg3
42. fxg3 Qh6 43. Kh4 Qxh5+ 44. Kxh5 Rc3 45. g4 fxg4 46. Kxg4 Kf6 47. Bd7 e5 48. Be8
Rc4+ 49. Kf3 Kg5 50. Bf7 Rc3+ 51. Ke2 Kf4 52. Kd2 Rg3 53. Bd5 e4 54. Ke2 Rg2+ 55.
Kf1 Rb2 56. Bc6 e3 57. Ke1 Kg3 58. Bd5 Rd2 59. Be4 Rb2 60. Bd5 Kh2 61. Be4 Kg3 62.
Bd5  1/2-1/2

[Event "1. OEsterreichische Internet Schach Meisterschaft - Vorrunde 2"]
[Site "Online - Playchess.com"]
[Date ""]
[Round "9"]
[Board "90"]
[White "Kipman, Felix"]
[Black "Pasteiner, Gernot"]
[Result "0-1"]
[WhiteElo "1576"]
[BlackElo "1632"]
[PlyCount "118"]
[EventDate "2020.04.13"]
[EventRounds "9"]
[EventCountry "AUT"]

1. e4 d5 2. exd5 Qxd5 3. Nc3 Qa5 4. d4 Nf6 5. Bd2 c6 6. Bc4 Bg4 7. Nf3 e6 8. h3 Bh5
9. g4 Bg6 10. Ne5 Nbd7 11. Nd5 Qd8 12. Nxf6+ Nxf6 13. Bg5 Be7 14. Qf3 Be4 15. Qf4
Bxh1 16. f3 Bg2 17. h4 h6 18. Bxf6 Bxf6 19. g5 Bxe5 20. dxe5 Qc7 21. h5 O-O-O 22.
g6 Rhf8 23. Rd1 Rxd1+ 24. Kxd1 Qd7+ 25. Kc1 Bh3 26. Qh4 Bf5 27. f4 Qc7 28. Qf2 Qb6
29. Qd2 Qg1+ 30. Qd1 Qxd1+ 31. Kxd1 Rd8+ 32. Kc1 Rd7 33. gxf7 Rxf7 34. Kd2 Be4 35.
Ke3 Bd5 36. Bd3 Kd7 37. Bg6 Rf8 38. b3 Ke7 39. c4 Bg2 40. Kf2 Bh3 41. Kg3 Bf5 42.
Kf3 Bxg6 43. hxg6 Rd8 44. Ke3 c5 45. a3 Rd1 46. b4 cxb4 47. axb4 Kd7 48. b5 Kc7 49.
c5 a6 50. b6+ Kc6 51. Ke4 Kxc5 52. f5 Rd4+ 53. Ke3 exf5 54. e6 Re4+ 55. Kf3 Rxe6
56. Kf4 Rxg6 57. Kxf5 Rf6+ 58. Ke5 a5 59. Ke4 Rd6  0-1

[Event "1. OEsterreichische Internet Schach Meisterschaft - Vorrunde 2"]
[Site "Online - Playchess.com"]
[Date ""]
[Round "9"]
[Board "92"]
[White "Lammer, Michael"]
[Black "Dilly, Julian"]
[Result "0-1"]
[WhiteElo "1499"]
[BlackElo "1502"]
[PlyCount "50"]
[EventDate "2020.04.13"]
[EventRounds "9"]
[EventCountry "AUT"]

1. e4 c5 2. Nf3 g6 3. Bc4 Bg7 4. Bxf7+ Kxf7 5. Ng5+ Ke8 6. Qf3 Nf6 7. e5 Rf8 8. exf6
Rxf6 9. Qb3 e6 10. Nxh7 Rf7 11. O-O Bh8 12. Qh3 Qe7 13. d3 Rxh7 14. Qg4 Qf7 15. Nc3
Nc6 16. Ne4 Ne5 17. Qe2 Qe7 18. Bg5 Qf8 19. d4 cxd4 20. Qd2 d5 21. Ng3 Bf6 22. Bxf6
Qxf6 23. f4 Ng4 24. Qxd4 Qxd4+ 25. Kh1 Rxh2#  0-1

[Event "1. OEsterreichische Internet Schach Meisterschaft - Vorrunde 2"]
[Site "Online - Playchess.com"]
[Date ""]
[Round "9"]
[Board "95"]
[White "Klinglmair, Guenter"]
[Black "Soelkner, Julian"]
[Result "0-1"]
[WhiteElo "1483"]
[BlackElo "1484"]
[PlyCount "64"]
[EventDate "2020.04.13"]
[EventRounds "9"]
[EventCountry "AUT"]

1. Nf3 Nf6 2. g3 e6 3. Bg2 d5 4. O-O Bd6 5. Re1 c5 6. d3 O-O 7. Bg5 Nc6 8. c3 h6
9. Bd2 b6 10. e4 dxe4 11. dxe4 Be7 12. e5 Nd5 13. c4 Ndb4 14. Re3 Bb7 15. a3 Na6
16. Nc3 Nd4 17. Nxd4 cxd4 18. Rd3 Bxg2 19. Kxg2 Nc5 20. Rxd4 Qxd4 21. Ne2 Qxc4 22.
Bc3 Qd5+ 23. Qxd5 exd5 24. Rd1 Rad8 25. Nf4 d4 26. Rxd4 Rxd4 27. Bxd4 Ne6 28. Nxe6
fxe6 29. Be3 Bc5 30. Bf4 g5 31. Bc1 Rxf2+ 32. Kh3 Rc2  0-1

[Event "1. OEsterreichische Internet Schach Meisterschaft - Vorrunde 2"]
[Site "Online - Playchess.com"]
[Date ""]
[Round "9"]
[Board "96"]
[White "Moerzinger, Christian Jun."]
[Black "Ploeckinger, Paul"]
[Result "0-1"]
[WhiteElo "1638"]
[BlackElo "1334"]
[PlyCount "112"]
[EventDate "2020.04.13"]
[EventRounds "9"]
[EventCountry "AUT"]

1. e4 c5 2. Nf3 Nc6 3. d4 cxd4 4. Nxd4 g6 5. Be3 Bg7 6. c3 Nf6 7. Bd3 d5 8. exd5
Nxd5 9. Nxc6 bxc6 10. Be4 Bb7 11. O-O Nxe3 12. fxe3 O-O 13. Nd2 Rb8 14. Nf3 c5 15.
Bxb7 Rxb7 16. Qxd8 Rxd8 17. Rf2 Rdb8 18. Ng5 Bf6 19. Ne4 Rxb2 20. Nxf6+ exf6 21.
Rxf6 Re2 22. Rf3 Rbb2 23. Kf1 Rxg2 24. Rb1 Rxh2 25. Rxb2 Rxb2 26. Rf6 Rxa2 27. Rc6
Ra5 28. Rc8+ Kg7 29. Rc7 Kf6 30. e4 h5 31. Kg2 Ke6 32. Kg3 Ra4 33. Kf3 Ra5 34. Rc6+
Kd7 35. Rf6 Ke7 36. Rc6 Rb5 37. Rc7+ Ke6 38. Rxa7 Rb3 39. Ra6+ Ke5 40. Ra7 Rxc3+
41. Ke2 Ke6 42. Ra6+ Ke5 43. Ra7 Kf6 44. Ra6+ Kg7 45. Rc6 Rc4 46. Kf3 h4 47. Rd6
g5 48. Rd5 Rc3+ 49. Kg4 Rg3+ 50. Kf5 c4 51. Rc5 h3 52. e5 h2 53. e6 fxe6+ 54. Kxe6
h1=Q 55. Rc7+ Kh6 56. Rh7+ Kxh7  0-1

[Event "1. OEsterreichische Internet Schach Meisterschaft - Vorrunde 2"]
[Site "Online - Playchess.com"]
[Date ""]
[Round "9"]
[Board "97"]
[White "Buchner, Martin"]
[Black "Astner, Klaus"]
[Result "0-1"]
[WhiteElo "1777"]
[BlackElo "1409"]
[PlyCount "96"]
[EventDate "2020.04.13"]
[EventRounds "9"]
[EventCountry "AUT"]

1. d4 c6 2. Nf3 e6 3. e3 Nf6 4. Bd3 d5 5. Nbd2 c5 6. O-O cxd4 7. exd4 g6 8. c3 Bg7
9. Re1 O-O 10. Ne5 Nc6 11. f4 Nd7 12. Ndf3 Ndxe5 13. fxe5 b6 14. Rf1 a5 15. h3 Ba6
16. Qe2 Bxd3 17. Qxd3 Rb8 18. Nh2 b5 19. a3 b4 20. Ng4 bxc3 21. Qxc3 Rc8 22. Qe3
Ne7 23. Nf6+ Kh8 24. Qg3 Nf5 25. Qg4 Bxf6 26. exf6 Qxf6 27. Bg5 Qxd4+ 28. Qxd4+ Nxd4
29. Bf6+ Kg8 30. Bxd4 Rc4 31. Bc3 a4 32. Rad1 Rfc8 33. Rd4 Rxd4 34. Bxd4 Rc4 35.
Bc3 f5 36. Rd1 Kf7 37. Rd4 Rxd4 38. Bxd4 Ke7 39. Kf2 Kd6 40. Ke3 e5 41. Bc3 d4+ 42.
Kd3 dxc3 43. Kxc3 Kd5 44. Kd3 Kc5 45. g3 e4+ 46. Ke3 Kc4 47. Kf4 Kb3 48. Ke3 Kxb2
 0-1